[Event "Kieler Open 2016-A"]
[Site "Kiel"]
[Date "2016.08.05"]
[Round "9.4"]
[White "Voloshin, Leonid"]
[Black "Johansson, Thomas"]
[Result "1/2-1/2"]
[WhiteElo "2424"]
[BlackElo "2222"]
[PlyCount "84"]

1. d4 e6 2. c4 Nf6 3. Nc3 Bb4 4. Qc2 c5 5. dxc5 Nc6 6. Nf3 Bxc5 7. Bg5 h6 8.
Bxf6 Qxf6 9. e3 Bb4 10. Rc1 b6 11. Be2 Bb7 12. O-O Bxc3 13. Qxc3 Qxc3 14. Rxc3
d6 15. a3 Ke7 16. Rfc1 Rac8 17. Kf1 Nb8 18. Nd4 Rhd8 19. f3 f6 20. Ke1 Nc6 21.
Nxc6+ Rxc6 22. e4 Rc7 23. Kd2 Rdc8 24. Ke3 h5 25. h4 Rd8 26. g3 Rcd7 27. R3c2
Rc7 28. Rc3 Rcd7 29. R3c2 Rc7 30. Rd2 Rdc8 31. Rcd1 e5 32. Rg1 Rh8 33. Rgd1 Rd8
34. Ra1 Bc6 35. Rg1 Rh8 36. Rgd1 Rd8 37. Rc1 Bd7 38. Bd3 Be6 39. f4 Bg4 40. Bf1
Rdc8 41. fxe5 dxe5 42. c5 bxc5 1/2-1/2

[Event "Kieler Open 2016-A"]
[Site "Kiel"]
[Date "2016.08.05"]
[Round "9.6"]
[White "Jacobs, Florian"]
[Black "Plüg, Andreas"]
[Result "0-1"]
[WhiteElo "2228"]
[BlackElo "2271"]
[PlyCount "84"]

1. d4 Nf6 2. c4 e6 3. Nf3 b6 4. g3 Bb4+ 5. Bd2 Bxd2+ 6. Qxd2 Bb7 7. Nc3 Ne4 8.
Qe3 Nxc3 9. Qxc3 O-O 10. Bg2 d6 11. Qc2 f5 12. O-O Be4 13. Qd2 Qe7 14. Rac1 Nd7
15. b4 a5 16. a3 axb4 17. axb4 Ra4 18. Ra1 Rfa8 19. Qb2 c5 20. bxc5 bxc5 21.
dxc5 Nxc5 22. Nd4 Bxg2 23. Kxg2 h6 24. Rxa4 Rxa4 25. Qb8+ Kh7 26. Nb5 Rxc4 27.
Nxd6 Rc2 28. Ra1 Rd2 29. Nc4 Rxe2 30. Ra7 Qf6 31. Ra8 Qd4 32. Qg8+ Kg6 33. Qe8+
Kf6 34. Qf8+ Kg5 35. Qd8+ Qxd8 36. Rxd8 Ne4 37. h4+ Kf6 38. Nd6 Ke7 39. Nb7
Rxf2+ 40. Kg1 Rb2 41. Rg8 Kf7 42. Rb8 Kg6 0-1

[Event "Kieler Open 2016-A"]
[Site "Kiel"]
[Date "2016.08.05"]
[Round "9.7"]
[White "Fries-Nielsen, Jens Ove"]
[Black "Haffner, Alexander"]
[Result "1/2-1/2"]
[WhiteElo "2359"]
[BlackElo "2118"]
[PlyCount "61"]

1. d4 g6 2. e4 Bg7 3. Nc3 c6 4. Nf3 d6 5. Be3 b5 6. Bd3 a6 7. h3 Nd7 8. a4 Bb7
9. O-O b4 10. Ne2 a5 11. c3 Ba6 12. Bxa6 Rxa6 13. cxb4 axb4 14. Qb3 Ngf6 15.
Ng3 Qa5 16. Bd2 Rb6 17. Qc2 O-O 18. b3 c5 19. Be3 Rbb8 20. Rac1 Rfc8 21. Nd2
Qa6 22. d5 Nb6 23. Bg5 c4 24. bxc4 Qxa4 25. Qb1 Nbd7 26. Ne2 b3 27. Nc3 Qb4 28.
Nb5 Ne5 29. Nd4 Rb7 30. N4xb3 Nxc4 31. Qd3 1/2-1/2

[Event "Kieler Open 2016-A"]
[Site "Kiel"]
[Date "2016.08.05"]
[Round "9.8"]
[White "Jahncke, Giso"]
[Black "Kaulich, Philipp Theodor"]
[Result "1-0"]
[WhiteElo "2332"]
[BlackElo "2148"]
[PlyCount "85"]

1. d4 d6 2. Nf3 Nd7 3. e4 e5 4. Bc4 c6 5. c3 Nb6 6. Bd3 Qc7 7. O-O Nf6 8. Re1
Be7 9. h3 h6 10. a4 g5 11. Nh2 Be6 12. a5 Nbd7 13. Be3 Nf8 14. Nd2 Ng6 15. Bf1
Nf4 16. b4 a6 17. c4 h5 18. d5 Bd7 19. Qb3 Kf8 20. Rac1 c5 21. Rb1 Bc8 22. bxc5
dxc5 23. Qb6 Qxb6 24. Rxb6 Nd7 25. Rbb1 f6 26. g3 Ng6 27. Be2 Bd6 28. Nb3 Ke7
29. Nf1 Rb8 30. Kh2 Kd8 31. Nfd2 Rh7 32. Nc1 b6 33. axb6 Nxb6 34. Nd3 h4 35.
Nxc5 hxg3+ 36. fxg3 Bxh3 37. Nxa6 Bc8+ 38. Kg1 Bxa6 39. Rxb6 Rxb6 40. Bxb6+ Bc7
41. Be3 Rh3 42. Nf1 Bc8 43. Ra1 1-0

[Event "Kieler Open 2016-A"]
[Site "Kiel"]
[Date "2016.08.05"]
[Round "9.9"]
[White "Parvanyan, Ashot"]
[Black "Wichmann, Cliff"]
[Result "1/2-1/2"]
[WhiteElo "2240"]
[BlackElo "2314"]
[PlyCount "108"]

1. d4 d5 2. c4 c6 3. Nc3 Nf6 4. e3 e6 5. b3 Nbd7 6. Bb2 b6 7. Bd3 Bb7 8. Nge2
Be7 9. O-O O-O 10. Ng3 dxc4 11. bxc4 c5 12. d5 Ne5 13. Be2 exd5 14. cxd5 Ng6
15. Nf5 Nxd5 16. Nxd5 Qxd5 17. Qxd5 Bxd5 18. Bxg7 Rfd8 19. Nxe7+ Nxe7 20. Bf6
Kf8 21. Rfd1 Bc6 22. Rac1 h6 23. h4 Ba4 24. Rxd8+ Rxd8 25. Rc4 Bc6 26. Rg4 Rd2
27. Bf3 Bxf3 28. gxf3 Rd6 29. Bg7+ Ke8 30. h5 Rd5 31. Bxh6 Rxh5 32. Bg5 Nc6 33.
Re4+ Kd7 34. Bh4 f5 35. Rf4 Ne5 36. Bf6 Ke6 37. Bxe5 Kxe5 38. Ra4 Rh7 39. Kf1
Rc7 40. Rh4 b5 41. Ke2 Rc6 42. a4 a6 43. Kd3 Rf6 44. axb5 axb5 45. Rh5 Kd6 46.
f4 Kc6 47. f3 Kb6 48. Rh8 Rd6+ 49. Kc3 c4 50. Kb4 Rc6 51. Rh5 Re6 52. e4 fxe4
53. fxe4 Rxe4 54. Rxb5+ Kc7 1/2-1/2

[Event "Kieler Open 2016-A"]
[Site "Kiel"]
[Date "2016.08.05"]
[Round "9.10"]
[White "Junge, Ralph"]
[Black "Grote, Dirk"]
[Result "1-0"]
[WhiteElo "2277"]
[BlackElo "2139"]
[PlyCount "67"]

1. d4 Nf6 2. c4 g6 3. f3 Bg7 4. e4 d6 5. Ne2 O-O 6. Be3 c5 7. d5 e6 8. Nec3
exd5 9. cxd5 Na6 10. Be2 Nc7 11. a4 Re8 12. Qd2 b6 13. Na3 a6 14. O-O Rb8 15.
Kh1 Qe7 16. Bf4 Nh5 17. Bg5 Qd7 18. g4 Nf6 19. Qf4 Nfxd5 20. exd5 Bxc3 21. bxc3
Rxe2 22. c4 b5 23. axb5 axb5 24. Nxb5 Nxb5 25. cxb5 Rxb5 26. Bf6 Qe8 27. Ra8
Re1 28. Rxe1 Qxe1+ 29. Kg2 Qe2+ 30. Kh3 Qf1+ 31. Kh4 Qe1+ 32. Qg3 Qe8 33. Qxd6
h6 34. Qc7 1-0

[Event "Kieler Open 2016-A"]
[Site "Kiel"]
[Date "2016.08.05"]
[Round "9.11"]
[White "Uksini, Bardhyl"]
[Black "Ghadimi, Mohammed Reza"]
[Result "1/2-1/2"]
[WhiteElo "2259"]
[BlackElo "2098"]
[PlyCount "86"]

1. d4 e6 2. Nf3 d5 3. c4 Nf6 4. g3 Be7 5. Bg2 O-O 6. O-O dxc4 7. Qc2 a6 8. a4
Bd7 9. Qxc4 Bc6 10. Bg5 Bd5 11. Qd3 Be4 12. Qc4 Bd5 13. Qc1 Nc6 14. e3 h6 15.
Bxf6 gxf6 16. Nc3 Bc4 17. Rd1 Na5 18. Nd2 Bb3 19. Re1 Rb8 20. Rb1 c5 21. dxc5
Qc7 22. Nce4 f5 23. Nxb3 Nxb3 24. Qc3 Nxc5 25. Nf6+ Bxf6 26. Qxf6 Nd3 27. Re2
Nc1 28. Re1 Nd3 29. Rf1 Kh7 30. Rbd1 Qe5 31. Qe7 Nxb2 32. Rd5 Qg7 33. Rd4 b5
34. axb5 axb5 35. Rb1 Nc4 36. Bc6 Ne5 37. Bg2 Ng6 38. Qa7 Qe5 39. Rdb4 Kg7 40.
Bf1 Ra8 41. Qb7 Rfb8 42. Qd7 Ra1 43. Rxa1 Qxa1 1/2-1/2

[Event "Kieler Open 2016-A"]
[Site "Kiel"]
[Date "2016.08.05"]
[Round "9.12"]
[White "Bharadwaj, Dhanush"]
[Black "Wunder, Niklas"]
[Result "1-0"]
[WhiteElo "2296"]
[BlackElo "2089"]
[PlyCount "117"]

1. c4 c6 2. g3 d5 3. Bg2 Nf6 4. Nf3 Bg4 5. Ne5 Bf5 6. cxd5 cxd5 7. O-O e6 8. d3
Nbd7 9. Bf4 Be7 10. Nc3 Nxe5 11. Bxe5 O-O 12. Rc1 Rc8 13. Qb3 Nd7 14. Bd4 Bc5
15. Bxc5 Nxc5 16. Qa3 Qb6 17. b4 Qa6 18. Qxa6 Nxa6 19. a3 Nc7 20. e4 Bg6 21.
exd5 Nxd5 22. Bxd5 exd5 23. Nxd5 Rxc1 24. Ne7+ Kh8 25. Nxg6+ hxg6 26. Rxc1 Rd8
27. Rc3 Kg8 28. Kf1 Kf8 29. Ke2 Rd7 30. Ke3 Ke7 31. d4 Kd6 32. Rc8 Re7+ 33. Kd3
g5 34. h3 a6 35. Rg8 f6 36. a4 Rc7 37. b5 axb5 38. axb5 Kd5 39. Rd8+ Ke6 40. g4
Ke7 41. Rg8 Kf7 42. Rb8 Ke6 43. Ke4 Kd6 44. Rd8+ Ke7 45. Rg8 Kf7 46. Rh8 Ke6
47. f3 Kd6 48. Rd8+ Ke7 49. Rb8 Ke6 50. b6 Rd7 51. Re8+ Kd6 52. Rc8 Re7+ 53.
Kf5 Re3 54. Rc7 Rxf3+ 55. Kg6 Rxh3 56. Rxb7 Kc6 57. Rxg7 Kxb6 58. Kxf6 Rd3 59.
Ke5 1-0

[Event "Kieler Open 2016-A"]
[Site "Kiel"]
[Date "2016.08.05"]
[Round "9.13"]
[White "Ijzermans, Gijs"]
[Black "Gottuk, Stefan"]
[Result "1/2-1/2"]
[WhiteElo "2106"]
[BlackElo "2203"]
[PlyCount "144"]

1. Nf3 Nf6 2. d4 g6 3. Nc3 d5 4. Bf4 c6 5. e3 Bg7 6. Bd3 O-O 7. O-O Nh5 8. Bg5
f5 9. Ne2 h6 10. Bf4 g5 11. Be5 Nd7 12. Ng3 Nxg3 13. hxg3 Qe8 14. c4 e6 15. Bd6
Rf6 16. Ne5 h5 17. f4 g4 18. Kf2 Rh6 19. Nxd7 Bxd7 20. Rh1 Bf6 21. Ke2 Kf7 22.
cxd5 cxd5 23. Qb3 Bc6 24. Rac1 Bd8 25. Qb4 Qd7 26. Rc2 h4 27. gxh4 Rxh4 28.
Rcc1 Kg6 29. Rxh4 Bxh4 30. Rh1 Rh8 31. g3 Bf6 32. Rxh8 Bxh8 33. Be7 Kf7 34. Bh4
Bg7 35. b3 Bf8 36. Qa5 a6 37. Qd8 Qxd8 38. Bxd8 Bb4 39. a4 Ke8 40. Bh4 Kd7 41.
Kd1 Kc7 42. Bg5 Bd7 43. Ke2 Bd6 44. Kd2 Bb4+ 45. Kd1 Kc8 46. Bf6 Bf8 47. Kd2
Kc7 48. Kd1 Kb6 49. Bd8+ Ka7 50. Ba5 Be7 51. Kc2 b6 52. Bd2 Bd8 53. Be1 b5 54.
axb5 a5 55. Bd2 Kb6 56. Be1 Be7 57. Bd2 Bxb5 58. Bxb5 Kxb5 59. Be1 Ba3 60. Bd2
a4 61. bxa4+ Kxa4 62. Bc3 Kb5 63. Be1 Kc4 64. Bd2 Be7 65. Be1 Bd6 66. Bd2 Ba3
67. Be1 Bc1 68. Kxc1 Kd3 69. Kd1 Kxe3 70. Bd2+ Kf2 71. Be1+ Ke3 72. Bd2+ Kf2
1/2-1/2

[Event "Kieler Open 2016-A"]
[Site "Kiel"]
[Date "2016.08.05"]
[Round "9.14"]
[White "Beeck, Mats"]
[Black "Rieper, Julian"]
[Result "1/2-1/2"]
[WhiteElo "2196"]
[BlackElo "1999"]
[PlyCount "94"]

1. e4 e5 2. Nf3 Nc6 3. Bc4 Nf6 4. Ng5 d5 5. exd5 Na5 6. d3 h6 7. Nf3 e4 8. dxe4
Nxc4 9. Qd3 Nb6 10. O-O Be7 11. c4 O-O 12. h3 Re8 13. Nc3 Bb4 14. e5 Bxc3 15.
Qxc3 Nfxd5 16. cxd5 Nxd5 17. Qd4 Be6 18. b3 Qe7 19. Bb2 c5 20. Qe4 b6 21. Nd2
Nb4 22. Nc4 Bd5 23. Qe2 Rad8 24. f4 Bb7 25. a3 Nd3 26. Bc3 b5 27. Ne3 Qh4 28.
Qg4 Qxg4 29. Nxg4 b4 30. axb4 cxb4 31. Bd2 Nxe5 32. Bxb4 Nxg4 33. hxg4 Re2 34.
Rf2 Rxf2 35. Kxf2 Rd4 36. Bc3 Rxf4+ 37. Kg3 Re4 38. Re1 Rxe1 39. Bxe1 f6 40.
Bd2 Kf7 41. Bb4 a6 42. Bc5 Bc8 43. b4 Ke6 44. Bf8 Kf7 45. Bc5 Kg6 46. Be3 Bb7
47. Bc5 Kf7 1/2-1/2

[Event "Kieler Open 2016-A"]
[Site "Kiel"]
[Date "2016.08.05"]
[Round "9.15"]
[White "Böhm, Thomas"]
[Black "Neuendorf, Max"]
[Result "1-0"]
[WhiteElo "2148"]
[BlackElo "1874"]
[PlyCount "130"]

1. e4 e6 2. d4 d5 3. Nc3 Nf6 4. Bg5 Be7 5. e5 Nfd7 6. h4 c5 7. Bxe7 Kxe7 8. f4
cxd4 9. Nb5 Qa5+ 10. Qd2 Qxd2+ 11. Kxd2 Nc6 12. Nf3 a6 13. Nbxd4 Nxd4 14. Nxd4
Nc5 15. Bd3 f5 16. Rh3 h5 17. Rg3 Kf7 18. Rc1 b5 19. b4 Na4 20. c3 Bd7 21. Re1
g6 22. Ree3 Rhg8 23. Rgf3 Rh8 24. Rf1 Rhg8 25. Bc2 Nb6 26. Bb3 Rgc8 27. Rc1 Ke7
28. Nf3 Nc4+ 29. Bxc4 Rxc4 30. Nd4 a5 31. a3 a4 32. Rg3 Kf7 33. Rf1 Rg8 34. Nc2
Rgc8 35. Rd3 R4c7 36. Rc1 Ke7 37. Ne1 Rc4 38. Rf3 Kf7 39. Nd3 R4c7 40. Nc5 Bc6
41. Rd3 Rg8 42. Ke3 Ke7 43. Kd4 Rgc8 44. Rg3 Rg8 45. Rf1 Kf7 46. Rg5 Ke7 47.
Rf3 Be8 48. Rfg3 Bf7 49. Kd3 Ra7 50. Kd2 Rc7 51. Nd3 Rb7 52. Nc1 Kd7 53. Ne2
Rbb8 54. Nd4 Rb6 55. Rd3 Ke7 56. Rgg3 Rc8 57. Nc2 Rc4 58. Rdf3 Rb7 59. Ne1 Rc8
60. Nd3 Rbc7 61. Nc5 Rg8 62. Rd3 Rgc8 63. Rd4 Be8 64. Rgd3 Rc6 65. Nb7 R6c7 {
ZÜ Schwarz} 1-0

[Event "Kieler Open 2016-A"]
[Site "Kiel"]
[Date "2016.08.05"]
[Round "9.16"]
[White "Schagen, Walt"]
[Black "Petri, Alexander"]
[Result "0-1"]
[WhiteElo "2082"]
[BlackElo "2139"]
[PlyCount "144"]

1. e4 c6 2. d4 d5 3. e5 c5 4. c3 Nc6 5. Nf3 Bg4 6. Bb5 e6 7. dxc5 Bxf3 8. Qxf3
Bxc5 9. b4 Bb6 10. O-O Nge7 11. Bg5 O-O 12. Bxc6 bxc6 13. Nd2 Qc7 14. Rfe1 Ng6
15. Qg3 h6 16. Be3 a5 17. a4 c5 18. bxc5 Bxc5 19. c4 dxc4 20. Rac1 Bb4 21. f4
c3 22. Ne4 c2 23. Re2 Rfd8 24. h4 Rd1+ 25. Kh2 Rxc1 26. Bxc1 Rc8 27. h5 Ne7 28.
Qf2 Nd5 29. Qg3 Qe7 30. Qf2 Ba3 31. Bxa3 Qxa3 32. Rxc2 Rxc2 33. Qxc2 Nxf4 34.
Ng3 Qd3 35. Qf2 Nd5 36. Qc5 Qd2 37. Qc8+ Kh7 38. Qd7 Qf2 39. Qb7 Ne3 40. Qe4+
Kg8 41. Qa8+ Kh7 42. Qe4+ Nf5 43. Nxf5 Qxf5 44. Qe2 Qf4+ 45. g3 Qxa4 46. Qd3+
g6 47. hxg6+ fxg6 48. Qd6 Qa2+ 49. Kh3 Qf2 50. Qe7+ Kh8 51. Qd8+ Kg7 52. Qxa5
Qf5+ 53. Kg2 g5 54. Qc7+ Qf7 55. Qc2 g4 56. Qd2 Qf3+ 57. Kh2 Qd5 58. Qf4 Qf3
59. Qd2 Kg6 60. Qc2+ Qf5 61. Qd2 Qh5+ 62. Kg1 Qf5 63. Kh2 Qf3 64. Qc2+ Kg5 65.
Qd2+ Kf5 66. Qxh6 Kxe5 67. Qg7+ Ke4 68. Qb7+ Ke3 69. Qb6+ Ke2 70. Qxe6+ Kf1 71.
Qd5 Qf2+ 72. Kh1 Qg1# 0-1

[Event "Kieler Open 2016-A"]
[Site "Kiel"]
[Date "2016.08.05"]
[Round "9.17"]
[White "Horn, Peter"]
[Black "Möller, Dustin"]
[Result "0-1"]
[WhiteElo "2121"]
[BlackElo "1985"]
[PlyCount "64"]

1. c4 e6 2. g3 d5 3. Bg2 Nf6 4. Nf3 Be7 5. O-O O-O 6. b3 c5 7. Bb2 Nc6 8. e3 d4
9. exd4 cxd4 10. Re1 Ne8 11. a3 a5 12. Ne5 Nxe5 13. Rxe5 f6 14. Re1 e5 15. d3
Nc7 16. Nd2 Rb8 17. f4 exf4 18. gxf4 Re8 19. Ne4 f5 20. Ng3 Bd6 21. Qd2 Rxe1+
22. Rxe1 Qh4 23. Bxd4 Bxf4 24. Qf2 Bd7 25. Bxg7 Re8 26. Rxe8+ Bxe8 27. Qc5 Ne6
28. Bd5 Kxg7 29. Nxf5+ Kh8 30. Bxe6 Qe1+ 31. Kg2 Qxe6 32. Qf8+ Qg8+ 0-1

[Event "Kieler Open 2016-A"]
[Site "Kiel"]
[Date "2016.08.05"]
[Round "9.18"]
[White "Dittrich, Gunnar"]
[Black "Light, Bjarne"]
[Result "0-1"]
[WhiteElo "1950"]
[BlackElo "2205"]
[PlyCount "142"]

1. e4 c5 2. Nf3 Nc6 3. d4 cxd4 4. Nxd4 e5 5. Nb5 d6 6. N1c3 a6 7. Na3 b5 8. Nd5
Nge7 9. c4 Nd4 10. cxb5 Nxd5 11. exd5 Be7 12. Bd3 O-O 13. O-O Bf6 14. Be3 Nxb5
15. Nxb5 axb5 16. Bxb5 Ba6 17. a4 Qa5 18. Bd2 Qb6 19. Be3 Qb7 20. Qe2 Rfb8 21.
Bxa6 Rxa6 22. Qb5 Qa8 23. Qc4 Rxb2 24. Rab1 Rxa4 25. Qxa4 Qxa4 26. Rxb2 h5 27.
Rb8+ Kh7 28. Rb6 Qd7 29. Rc1 e4 30. Bf4 Qf5 31. Bxd6 Bd4 32. Rb4 Bxf2+ 33. Kh1
Qxd5 34. Bg3 Bxg3 35. hxg3 Qd2 36. Rcb1 f5 37. Kh2 Qg5 38. Rf1 Qd2 39. Rfb1 Kh6
40. Rb6+ Kg5 41. R6b2 Qd5 42. Rb5 Qg8 43. Rf1 g6 44. Rf4 Qc4 45. Re5 Qd3 46.
Re8 Kf6 47. Rf2 Kf7 48. Ra8 e3 49. Rf3 Qd2 50. Ra7+ Kf6 51. Ra6+ Ke5 52. Ra3
Kd4 53. Ra8 Kd3 54. Rd8+ Ke2 55. Re8 Qd4 56. Ra8 Ke1 57. Re8 e2 58. Kh3 g5 59.
Kh2 Qc5 60. Ra8 Qe5 61. Rf8 Kd1 62. R3xf5 e1=Q 63. Rd8+ Kc1 64. Rc8+ Kb2 65.
Rxe5 Qxe5 66. Rf8 h4 67. Rf3 hxg3+ 68. Kh3 Qh8+ 69. Kg4 Qh4+ 70. Kf5 Kc2 71.
Kg6 Qe4+ 0-1

[Event "Kieler Open 2016-A"]
[Site "Kiel"]
[Date "2016.08.05"]
[Round "9.19"]
[White "Arndt, Magnus"]
[Black "Voelzke, Ferdinand"]
[Result "0-1"]
[WhiteElo "1870"]
[BlackElo "2159"]
[PlyCount "100"]

1. e4 d6 2. d4 Nf6 3. Nc3 e5 4. dxe5 dxe5 5. Qxd8+ Kxd8 6. Bc4 Ke8 7. Nf3 Bd6
8. Bg5 Nbd7 9. O-O-O h6 10. Bh4 a6 11. a4 b6 12. Rhe1 Bb7 13. Bxf6 Nxf6 14. Bd5
Nxd5 15. Nxd5 Rd8 16. Re2 Bc6 17. Red2 Rb8 18. b3 b5 19. axb5 axb5 20. Kb2 g6
21. c3 Kf8 22. Ne1 Kg7 23. Ra1 Ra8 24. Rxa8 Rxa8 25. Nc2 f5 26. exf5 gxf5 27.
f3 Be8 28. Nce3 Kg6 29. g4 fxg4 30. fxg4 Rd8 31. Nf5 Kg5 32. Nde3 Ba3+ 33. Kc2
Rxd2+ 34. Kxd2 Bf8 35. Ke2 Bf7 36. c4 bxc4 37. bxc4 Kf4 38. h3 c6 39. Ng2+ Ke4
40. Nge3 Be6 41. Ng3+ Kd4 42. Kf3 Kd3 43. h4 Bf7 44. Ngf5 Bg6 45. Ng3 e4+ 46.
Kf2 Bc5 47. Ngf1 Bf7 48. h5 Bxc4 49. g5 hxg5 50. h6 Bg8 0-1

[Event "Kieler Open 2016-A"]
[Site "Kiel"]
[Date "2016.08.05"]
[Round "9.20"]
[White "Busse, Tom Niklas"]
[Black "Pluska, Alexander"]
[Result "0-1"]
[WhiteElo "1997"]
[BlackElo "2116"]
[PlyCount "42"]

1. e4 c5 2. c4 Nc6 3. Nc3 g6 4. g3 Bg7 5. Bg2 d6 6. Nge2 Nf6 7. d3 O-O 8. O-O
Nd4 9. Nxd4 cxd4 10. Nd5 Nd7 11. Bg5 Re8 12. f4 f6 13. Bh4 a5 14. Qa4 e6 15. e5
exd5 16. Bxd5+ Kh8 17. Rae1 dxe5 18. fxe5 Rxe5 19. Rxe5 Nxe5 20. Re1 g5 21.
Rxe5 Bd7 0-1

[Event "Kieler Open 2016-A"]
[Site "Kiel"]
[Date "2016.08.05"]
[Round "9.22"]
[White "Richter, Rüdiger"]
[Black "De Vries, Joel"]
[Result "1/2-1/2"]
[WhiteElo "1905"]
[BlackElo "2086"]
[PlyCount "30"]

1. e4 e6 2. Nf3 d5 3. Nc3 dxe4 4. Nxe4 Nd7 5. d4 Ngf6 6. Nxf6+ Nxf6 7. Bg5 Be7
8. Bd3 O-O 9. O-O b6 10. c3 Bb7 11. Ne5 c5 12. dxc5 Qd5 13. c6 Bxc6 14. Nxc6
Qxc6 15. Qe2 Rad8 1/2-1/2

[Event "Kieler Open 2016-A"]
[Site "Kiel"]
[Date "2016.08.05"]
[Round "9.23"]
[White "Schoonackers, Jeroen"]
[Black "Benzen, Marthe"]
[Result "0-1"]
[WhiteElo "2055"]
[BlackElo "2043"]
[PlyCount "76"]

1. d4 Nf6 2. c4 g6 3. Nc3 Bg7 4. e4 d6 5. Nf3 O-O 6. Be2 e5 7. Be3 Nc6 8. d5
Ne7 9. Nd2 Nd7 10. b4 f5 11. f3 c5 12. Nb5 Qb6 13. a4 a5 14. bxa5 Rxa5 15. Rb1
Nf6 16. Nc3 Qd8 17. Rb5 Ra6 18. g4 fxg4 19. fxg4 Nfxd5 20. cxd5 Nxd5 21. Bc4
Qh4+ 22. Ke2 Bxg4+ 23. Kd3 Bxd1 24. Bxd5+ Kh8 25. Rxd1 Qxh2 26. Rxb7 Qh3 27.
Rxg7 Kxg7 28. Rb1 g5 29. Rb7+ Kg6 30. Bc4 Ra5 31. Nd5 Rxa4 32. Ne7+ Kh5 33. Nf5
Ra3+ 34. Kc2 h6 35. Be2+ g4 36. Rh7 Rxe3 37. Rxh6+ Kg5 38. Rxh3 Rxh3 0-1

[Event "Kieler Open 2016-A"]
[Site "Kiel"]
[Date "2016.08.05"]
[Round "9.24"]
[White "Quiring, Nikolai"]
[Black "Schmidt, Peter"]
[Result "1-0"]
[WhiteElo "2026"]
[BlackElo "1971"]
[PlyCount "69"]

1. d4 Nf6 2. c4 c5 3. d5 b5 4. cxb5 a6 5. e3 g6 6. Nc3 Bg7 7. Nf3 O-O 8. a4 Bb7
9. Ra3 e6 10. e4 exd5 11. bxa6 Nxa6 12. exd5 Re8+ 13. Be2 Nb4 14. Bg5 Qa5 15.
O-O Nfxd5 16. Bd2 Nxc3 17. bxc3 Nd5 18. Bc4 Nb6 19. Bb5 c4 20. Be3 Nd5 21. Bd4
Qc7 22. Bxg7 Kxg7 23. Qd4+ f6 24. Bxc4 Nf4 25. Bb5 Bxf3 26. gxf3 d5 27. Kh1 Re7
28. Raa1 g5 29. Rg1 h6 30. Rg3 Rc8 31. Rag1 Re5 32. Qxf4 Qxc3 33. Qg4 Qc2 34.
Qd7+ Kg6 35. f4 1-0

[Event "Kieler Open 2016-A"]
[Site "Kiel"]
[Date "2016.08.05"]
[Round "9.25"]
[White "Christensen, Andreas"]
[Black "Wanner, Lukas"]
[Result "0-1"]
[WhiteElo "1773"]
[BlackElo "2001"]
[PlyCount "80"]

1. e4 c5 2. Nf3 g6 3. d4 cxd4 4. Nxd4 Bg7 5. c4 Nc6 6. Be3 d6 7. Nc3 Nf6 8. Be2
O-O 9. O-O Bd7 10. f3 Nxd4 11. Bxd4 a5 12. b3 Bc6 13. Qd2 Nd7 14. Bxg7 Kxg7 15.
Kh1 Qb6 16. Rab1 Nc5 17. Nb5 Bxb5 18. cxb5 Ne6 19. a4 Nd4 20. Rfc1 e5 21. Bc4
Rfc8 22. Bd5 Rc5 23. Rxc5 dxc5 24. Rf1 Rd8 25. Qf2 Rd7 26. f4 exf4 27. Qxf4 f6
28. Qb8 Qd6 29. Qa8 b6 30. Qg8+ Kh6 31. Qc8 Qe7 32. Qb8 Rd6 33. Qc8 Ne2 34.
Qh3+ Kg7 35. Qd3 Nd4 36. Qc4 Qe5 37. Qd3 f5 38. Rd1 fxe4 39. Bxe4 Nxb5 40. Bd5
Nc3 0-1

[Event "Kieler Open 2016-A"]
[Site "Kiel"]
[Date "2016.08.05"]
[Round "9.26"]
[White "Topalov, Mihail"]
[Black "Berger, Joachim"]
[Result "0-1"]
[WhiteElo "1927"]
[BlackElo "2022"]
[PlyCount "54"]

1. e4 e6 2. d4 d5 3. Nd2 Nf6 4. e5 Nfd7 5. Bd3 c5 6. c3 Nc6 7. Ne2 Be7 8. O-O
O-O 9. Nf3 f6 10. Nf4 Ndxe5 11. dxe5 fxe5 12. Bxh7+ Kxh7 13. Nh3 Rf5 14. g4 Rf8
15. g5 g6 16. Nh4 Kg7 17. Qg4 e4 18. Nf4 e5 19. Ne6+ Bxe6 20. Qxe6 Qd6 21. Qg4
Rh8 22. f4 exf3 23. Rxf3 Raf8 24. Rxf8 Rxf8 25. Bd2 e4 26. Ng2 Ne5 27. Qe2 Nf3+
0-1

[Event "Kieler Open 2016-A"]
[Site "Kiel"]
[Date "2016.08.05"]
[Round "9.27"]
[White "Hagenlüke, Thomas"]
[Black "Rosmait, Emily"]
[Result "0-1"]
[WhiteElo "2010"]
[BlackElo "1920"]
[PlyCount "58"]

1. d4 Nf6 2. c4 e6 3. Nc3 Bb4 4. f3 c5 5. d5 b5 6. e4 bxc4 7. Bxc4 O-O 8. Nge2
Nxd5 9. Bxd5 exd5 10. Qxd5 Qh4+ 11. g3 Qf6 12. O-O Ba6 13. Bg5 Qb6 14. Qd1 Bxc3
15. bxc3 Qb2 16. Bd2 Nc6 17. Rf2 Ne5 18. Nf4 Rab8 19. Be1 Qb5 20. Qb3 Qc6 21.
Qd5 Qxd5 22. Nxd5 Nd3 23. Rd2 Bc4 24. Ne3 Ba6 25. Bf2 Rb7 26. Rc1 Ne5 27. Kg2
c4 28. Nd5 Nd3 29. Nf4 Rfb8 0-1

[Event "Kieler Open 2016-A"]
[Site "Kiel"]
[Date "2016.08.05"]
[Round "9.28"]
[White "Deutschbein, Christopher"]
[Black "Thieme, Daniel Otis"]
[Result "1/2-1/2"]
[WhiteElo "2006"]
[BlackElo "1878"]
[PlyCount "34"]

1. e4 c5 2. Nc3 Nc6 3. Bb5 Nd4 4. Bc4 e6 5. Nf3 Ne7 6. O-O Nec6 7. d3 Be7 8.
Bf4 a6 9. a4 d6 10. Nxd4 cxd4 11. Ne2 e5 12. Bg3 O-O 13. f4 Be6 14. Bxe6 fxe6
15. fxe5 dxe5 16. Rxf8+ Qxf8 17. Qf1 Bg5 1/2-1/2

[Event "Kieler Open 2016-A"]
[Site "Kiel"]
[Date "2016.08.05"]
[Round "9.29"]
[White "Frost, Peter"]
[Black "Van den Boogaart, Jan Marten"]
[Result "1/2-1/2"]
[WhiteElo "1907"]
[BlackElo "1988"]
[PlyCount "74"]

1. d4 d5 2. Nf3 Nf6 3. c4 c6 4. Nc3 dxc4 5. a4 Bf5 6. e3 e6 7. Bxc4 Bb4 8. O-O
O-O 9. Nh4 Bg6 10. Nxg6 hxg6 11. Qb3 Qb6 12. Na2 Be7 13. Qxb6 axb6 14. Nc3 b5
15. Bd3 bxa4 16. Rxa4 Nbd7 17. e4 e5 18. Be3 Rxa4 19. Nxa4 Ra8 20. Nc3 exd4 21.
Bxd4 Nc5 22. Bc2 Rd8 23. Bxf6 Bxf6 24. Rd1 Rxd1+ 25. Nxd1 b5 26. Kf1 b4 27. b3
Kf8 28. Ne3 Ke7 29. f4 Bd4 30. Ke2 Bc3 31. g4 Ne6 32. Ng2 Nd4+ 33. Kd3 Nf3 34.
h4 Ne1+ 35. Nxe1 Bxe1 36. h5 gxh5 37. gxh5 Bg3 1/2-1/2

[Event "Kieler Open 2016-A"]
[Site "Kiel"]
[Date "2016.08.05"]
[Round "9.30"]
[White "Parvanyan, Alfred"]
[Black "Keyser, Philipp"]
[Result "1-0"]
[WhiteElo "1943"]
[BlackElo "1865"]
[PlyCount "20"]

1. Nf3 Nf6 2. c4 c5 3. d4 cxd4 4. Nxd4 g6 5. Nc3 Bg7 6. g3 O-O 7. Bg2 Nc6 8.
Nc2 d6 9. O-O Be6 10. b3 Ne4 1-0

[Event "Kieler Open 2016-A"]
[Site "Kiel"]
[Date "2016.08.05"]
[Round "9.31"]
[White "Papesch, Dennis"]
[Black "Rudolph, Jens-Erik"]
[Result "0-1"]
[WhiteElo "1852"]
[BlackElo "1939"]
[PlyCount "40"]

1. d4 d6 2. e4 Nf6 3. Nc3 Nbd7 4. Be3 e5 5. Nf3 Be7 6. Bc4 h6 7. h3 c6 8. a4
Qc7 9. Qd2 Nf8 10. d5 g5 11. O-O-O a6 12. Nxe5 cxd5 13. Nxf7 Kxf7 14. Nxd5 Qxc4
15. Nb6 Qa2 16. Qd4 Ne6 17. Qd3 Rb8 18. Nc4 b5 19. Nxd6+ Bxd6 20. Qxd6 Qa1+ 0-1

[Event "Kieler Open 2016-A"]
[Site "Kiel"]
[Date "2016.08.05"]
[Round "9.32"]
[White "Schmieder, Kerstin"]
[Black "Untiedt, Urs Arved"]
[Result "1-0"]
[WhiteElo "1654"]
[BlackElo "1636"]
[PlyCount "95"]

1. d4 Nf6 2. Nc3 d5 3. Bg5 e6 4. e4 Be7 5. e5 Nfd7 6. Bxe7 Qxe7 7. Nf3 O-O 8.
Bd3 Nc6 9. O-O a6 10. Re1 f6 11. exf6 Qxf6 12. Qd2 Kh8 13. Ng5 Qh6 14. Rxe6 Nf6
15. Re2 Bd7 16. Nf3 Qxd2 17. Rxd2 Bg4 18. Ne5 Nxd4 19. Nxg4 Nxg4 20. Nxd5 c6
21. Nc3 Ne5 22. Be4 c5 23. Na4 Rf4 24. Nxc5 Ndc6 25. Bxc6 Nxc6 26. Rad1 h6 27.
Rd7 b6 28. Ne6 Rg4 29. a3 Re8 30. Nc7 Rf8 31. f3 Rc4 32. c3 a5 33. Ne6 Rg8 34.
Rb7 Ne5 35. Rxb6 Re8 36. Rd5 Rc6 37. Rxc6 Nxc6 38. Rd6 Ne5 39. Nd4 Nc4 40. Rd5
a4 41. Kf2 Nxb2 42. Nf5 Rc8 43. Rd2 Nc4 44. Ra2 Rb8 45. Nd4 Re8 46. Nc2 Rd8 47.
Ne3 Rd3 48. Nxc4 1-0

[Event "Kieler Open 2016-A"]
[Site "Kiel"]
[Date "2016.08.05"]
[Round "9.33"]
[White "Nonnenmacher, Thomas"]
[Black "Rosenburg, Thies"]
[Result "1/2-1/2"]
[WhiteElo "2146"]
[BlackElo "1728"]
[PlyCount "79"]

1. c4 Nf6 2. g3 g6 3. Nc3 Bg7 4. Bg2 d6 5. Nf3 O-O 6. O-O e5 7. d4 c6 8. e4 Qe7
9. h3 Nbd7 10. Be3 h6 11. Qd2 Kh7 12. Rfe1 Ne8 13. dxe5 Nxe5 14. Nxe5 dxe5 15.
Rad1 Be6 16. b3 Nc7 17. f3 b6 18. Qf2 Rad8 19. Ne2 Rxd1 20. Rxd1 Rd8 21. Qe1
Rxd1 22. Qxd1 Qd7 23. Qxd7 Bxd7 24. Kf2 Ne6 25. g4 Nd4 26. Bxd4 exd4 27. Nc1 c5
28. Nd3 f5 29. gxf5 gxf5 30. Ke2 fxe4 31. fxe4 Kg8 32. e5 Kf7 33. Bd5+ Be6 34.
Kf3 h5 35. Ke4 Bh6 36. Nf4 Bxf4 37. Kxf4 Bxd5 38. cxd5 Ke7 39. d6+ Ke6 40. Ke4  1/2-1/2

[Event "Kieler Open 2016-A"]
[Site "Kiel"]
[Date "2016.08.05"]
[Round "9.34"]
[White "Tobianski, Fabian"]
[Black "Mock, Markus"]
[Result "0-1"]
[WhiteElo "1920"]
[BlackElo "2002"]
[PlyCount "50"]

1. c4 e6 2. g3 f5 3. Bg2 Nf6 4. Nc3 Be7 5. e3 O-O 6. Nge2 c6 7. O-O d5 8. d3
Na6 9. Rb1 Bd7 10. a3 Rb8 11. b4 Nc7 12. b5 e5 13. Qb3 Be6 14. f4 d4 15. fxe5
dxe3 16. exf6 Bxf6 17. Nf4 Bf7 18. bxc6 bxc6 19. Qxb8 Qxb8 20. Rxb8 Rxb8 21.
Bxc6 Rb1 22. Nfe2 Bh5 23. Nf4 Bf7 24. Nfe2 Bh5 25. Kg2 Ra1 0-1